| 000 | 00522nas a2200181 a 4500 | ||
|---|---|---|---|
| 001 | 000037316 | ||
| 005 | 20200930080303.0 | ||
| 008 | 120323c20119999dr mr1p dd 0 0spa d | ||
| 040 |
_aDO-SdBNP _bspa _cBNPHU |
||
| 043 | _anwdr | ||
| 110 | 2 |
_aCooperativa Nacional de Servicios Multiples de los Maestros _963774 |
|
| 245 | 0 | 0 | _aCoopnama. |
| 260 |
_aSanto Domingo : _bCoopnama. |
||
| 300 |
_av.- : _bil. ; _c29 cm. |
||
| 310 | _aMensual | ||
| 362 | 1 | _a1 de marzo, 2011 | |
| 500 | _aCatalogación basada en : 1 de marzo, 2011 | ||
| 999 |
_c36806 _d36806 |
||